Machine transliteration of Arabic-Roman words /
Saved in:
| Main Author: | |
|---|---|
| Format: | Thesis |
| Language: | English |
| Published: |
Gombak, Selangor :
Kulliyyah of Engineering, International Islamic University Malaysia,
2006
|
| Subjects: | |
| Online Access: | http://studentrepo.iium.edu.my/handle/123456789/4963 |
| Tags: |
Add Tag
No Tags, Be the first to tag this record!
|
| LEADER | 021580000a22004330004500 | ||
|---|---|---|---|
| 001 | 363044 | ||
| 005 | 20230419155053.0 | ||
| 008 | 060925t2006 my a g 000 0 eng d | ||
| 035 | |a (Sirsi) 363044 | ||
| 040 | |a UIAM |b eng | ||
| 041 | 0 | |a eng | |
| 050 | 0 | 0 | |a Q335.7 |
| 100 | 0 | |a Mohd Zaki Ayob |9 63279 | |
| 245 | 1 | 0 | |a Machine transliteration of Arabic-Roman words / |c by Mohd Zaki Ayob |
| 260 | |a Gombak, Selangor : |b Kulliyyah of Engineering, International Islamic University Malaysia, |c 2006 | ||
| 300 | |a xiv, 97 leaves : |b ill. ; |c 30 cm. | ||
| 336 | |2 rdacontent | ||
| 337 | |2 rdamedia | ||
| 338 | |2 rdacarrier | ||
| 500 | |a Abstracts in English and Arabic. | ||
| 500 | |a "A dissertation submitted in partial fulfilment of the requirement for the Master of Science in Mechatronics Engineering."--On t.p. | ||
| 502 | |a Thesis (M.Sc. MCT) -- International Islamic Universith Malaysia, 2006 | ||
| 504 | |a Includes bibliographical references (leaves 96 - 97). | ||
| 530 | |a Also available on 4 3/4 in. computer laser optical disc. | ||
| 650 | 0 | |a Arabic language |x Transliteration |9 4534 | |
| 650 | 0 | |a Artificial intelligence |9 3345 | |
| 650 | 0 | |a Expert systems (Computer science) |9 3487 | |
| 650 | 0 | |a Computational linguistics |9 3487 | |
| 655 | 0 | 7 | |a Theses, IIUM local |
| 690 | 0 | |a Dissertations, Academic |x Department of Mechatronics Engineering |z IIUM |9 1666 | |
| 710 | 2 | |a International Islamic University Malaysia. |b Department of Mechatronics Engineering | |
| 730 | 0 | |a Machine transliteration of Arabic-Roman words. (Computer file) |9 63280 | |
| 856 | 4 | |u http://studentrepo.iium.edu.my/handle/123456789/4963 | |
| 900 | |a hj-his | ||
| 942 | |2 lcc |n 0 | ||
| 999 | |c 434061 |d 465593 | ||
| 952 | |0 0 |6 LU T Q335.7M9526M 2006 |7 0 |8 THESES |9 752137 |a IIUM |b IIUM |c CLOSEACCES |g 0.00 |o lu t Q335.7M9526M 2006 |p 00001064478 |r 2017-10-25 |t 1 |v 0.00 |y THESIS | ||
| 952 | |0 0 |6 T Q 000335.7 M9526M 2006 |7 0 |8 THESES |9 756111 |a IIUM |b IIUM |c MULTIMEDIA |g 0.00 |o t Q335.7M9526M 2006 |p 00011274539 |r 2017-10-20 |t 2 |v 0.00 |y THESIS | ||
| 952 | |0 0 |6 TS CDF Q335.7M9526M 2006 |7 0 |8 THESES |9 825239 |a IIUM |b IIUM |c MULTIMEDIA |g 0.00 |o ts cdf Q335.7M9526M 2006 |p 11100326621 |r 2017-10-26 |t 1 |v 0.00 |y THESISDIG | ||
